Математическая модель механической части взаимосвязанных электроприводов напора и подъема карьерного экскаватора; Известия Томского политехнического университета [Известия ТПУ]; Т. 310, № 3

Sonraí bibleagrafaíochta
Parent link:Известия Томского политехнического университета [Известия ТПУ]/ Томский политехнический университет (ТПУ).— , 2000-
Т. 310, № 3.— 2007.— [С. 40-43]
Príomhchruthaitheoir: Завьялов В. М. Валерий Михайлович
Rannpháirtithe: Семыкина И. Ю. Ирина Юрьевна
Achoimre:Заглавие с титульного листа
Электронная версия печатной публикации
Обоснована необходимость разработки нового подхода к моделированию электроприводов подъема и напора карьерного экскаватора в процессе копания. Показаны отличия предлагаемой математической модели от традиционного подхода. Выявлены недостатки существующих систем управления экскаваторными электроприводами и предложен способ их устранения.
Teanga:Rúisis
Foilsithe / Cruthaithe: 2007
Sraith:Математика и механика. Физика
Ábhair:
Rochtain ar líne:http://www.lib.tpu.ru/fulltext/v/Bulletin_TPU/2007/v310/i3/09.pdf
Formáid: MixedMaterials Leictreonach Caibidil leabhair
KOHA link:https://koha.lib.tpu.ru/cgi-bin/koha/opac-detail.pl?biblionumber=172236

MARC

LEADER 00000nla2a2200000 4500
001 172236
005 20231213160143.0
035 |a (RuTPU)RU\TPU\book\186753 
035 |a RU\TPU\book\186752 
090 |a 172236 
100 |a 20091211d2007 k y0rusy50 ca 
101 0 |a rus 
102 |a RU 
135 |a drnn ---uucaa 
181 0 |a i  
182 0 |a b 
200 1 |a Математическая модель механической части взаимосвязанных электроприводов напора и подъема карьерного экскаватора  |f В. М. Завьялов, И. Ю. Семыкина 
203 |a Текст  |c электронный 
215 |a 1 файл (346 Кб) 
225 1 |a Математика и механика. Физика 
300 |a Заглавие с титульного листа 
300 |a Электронная версия печатной публикации 
320 |a [Библиогр.: с. 43 (5 назв.)] 
330 |a Обоснована необходимость разработки нового подхода к моделированию электроприводов подъема и напора карьерного экскаватора в процессе копания. Показаны отличия предлагаемой математической модели от традиционного подхода. Выявлены недостатки существующих систем управления экскаваторными электроприводами и предложен способ их устранения. 
337 |a Adobe Reader 
461 1 |0 (RuTPU)RU\TPU\book\176237  |t Известия Томского политехнического университета [Известия ТПУ]  |f Томский политехнический университет (ТПУ)  |d 2000- 
463 1 |0 (RuTPU)RU\TPU\book\186734  |x 1684-8519  |t Т. 310, № 3  |v [С. 40-43]  |d 2007  |p 280 с. 
610 1 |a математические модели 
610 1 |a механические части 
610 1 |a напор 
610 1 |a подъемы 
610 1 |a карьерный экватор 
610 1 |a моделирование 
610 1 |a копание 
610 1 |a отличия 
610 1 |a системы управления 
610 1 |a экваторные электроприводы 
610 1 |a электронный ресурс 
700 1 |a Завьялов  |b В. М.  |c специалист в области электротехники  |c профессор Томского политехнического университета, доктор технических наук  |f 1974-  |g Валерий Михайлович  |3 (RuTPU)RU\TPU\pers\35317  |9 18577 
701 1 |a Семыкина  |b И. Ю.  |c специалист в области электротехники  |c доцент Томского политехнического университета, кандидат технических наук  |f 1984-  |g Ирина Юрьевна  |3 (RuTPU)RU\TPU\pers\32499 
801 1 |a RU  |b 63413507  |c 20090623  |g PSBO 
801 2 |a RU  |b 63413507  |c 20211115  |g PSBO 
856 4 |u http://www.lib.tpu.ru/fulltext/v/Bulletin_TPU/2007/v310/i3/09.pdf 
942 |c CF